000 00357 a2200169 4500
001 187043
020 _a978-85-7412-0355
040 _cMagnum
100 _aKing, Stephen Michael
240 1 0 _aPedro e Tina
_lpor
245 1 0 _aPedro e Tina
300 _a30
362 0 _a1999
440 1 _aBrinque-Book
697 _aLITERATURA INFANTIL
942 _cBK
999 _c187043
_d187043